Statistiques concernant Villes du Puy-de-Dôme de plus de 10 000 hab

Cliquez ici pour prendre le quiz!

Statistiques générales

  • Ce quiz a été pris 17 fois
  • Le résultat moyen est 6 sur 10

Statistiques - réponses

VillePopulation% Correct
Clermont-Ferrand150 443
100%
Issoire15 240
88%
Riom18 624
88%
Thiers11 563
81%
Cournon-d'Auvergne20 436
69%
Chamalières17 402
50%
Aubière10 303
38%
Pont-du-Château13 339
38%
Gerzat10 166
31%
Beaumont10 396
25%

Distribution des résultats

Percentile par nombre de réponses

% des personnes avec chaque résultat

Votre développement - résultats

Vous n’avez pas pris ce quiz